000
00293nam a22001217a 4500
999
_c
5057
_d
5057
008
250516b ||||| |||| 00| 0 eng d
020
_a
9781634304658
082
_a
643 ALL
100
_a
ALLEN,NANCY
_e
AUTHOR
245
_a
EVERYONE HAS A HOME
260
_b
ROURKE EDUCATIONAL MEDIA
942
_2
ddc